[Event "Almansa op-B 6th"]
[Site "Almansa"]
[Date "2011.08.09"]
[Round "1.10"]
[White "Campos Gutierrez, Maria Soledad"]
[Black "Martinez Escandell, Alfonso"]
[Result "0-1"]
[WhiteElo "1580"]
[BlackElo "1964"]
[PlyCount "68"]
[EventDate "2011.08.09"]
[EventType "swiss"]
[EventRounds "9"]
[EventCountry "ESP"]
[SourceTitle "EXT 2024"]
[Source "ChessBase"]
[SourceDate "2023.10.10"]
[SourceVersion "1"]
[SourceVersionDate "2023.10.10"]
[SourceQuality "1"]

1. d4 d5 2. Nc3 Nf6 3. Bg5 e6 4. e4 dxe4 5. Nxe4 Be7 6. Bxf6 Bxf6 7. Nf3 0-0 8. Qd3 b6 9. Qe3 Bb7 10. Bd3 Nc6 11. c3 a5 12. 0-0 g6 13. Nxf6+ Qxf6 14. Rfe1 Ne7 15. Qe5 Qxe5 16. Nxe5 Kg7 17. Be4 Bxe4 18. Rxe4 Rfd8 19. Kf1 Rac8 20. Rd1 f5 21. Re3 Kf6 22. Rde1 Nd5 23. Rd3 g5 24. g3 h5 25. h4 g4 26. f4 Ne7 27. Rde3 Nd5 28. Rd3 Rd6 29. Kf2 b5 30. b3 b4 31. Nc4 Ra6 32. cxb4 axb4 33. Rd2 Nc3 34. Re5 Ne4+ 0-1